There is an alternative : (Record no. 5337)

MARC details
000 -LEADER
fixed length control field 01810nac a22003731u 4500
010 ## - LIBRARY OF CONGRESS CONTROL NUMBER
LC control number 2001045295
020 ## - INTERNATIONAL STANDARD BOOK NUMBER
International Standard Book Number 1842770055 (cased)
020 ## - INTERNATIONAL STANDARD BOOK NUMBER
International Standard Book Number 1842770063 (limp)
082 00 - DEWEY DECIMAL CLASSIFICATION NUMBER
Classification number 338.927091724
Item number BEN
090 ## - LOCALLY ASSIGNED LC-TYPE CALL NUMBER (OCLC); LOCAL CALL NUMBER (OCLC)
-- 5337
-- 5337
100 ## - MAIN ENTRY--PERSONAL NAME
Personal name 20080729
245 00 - TITLE STATEMENT
Title There is an alternative :
Remainder of title subsistence and world-wide resistance to corporate globalization /
Statement of responsibility, etc edited by Veronika Bennholdt-Thomsen, Nicholas G. Faraclas and Claudia von Werlhof.
260 ## - PUBLICATION, DISTRIBUTION, ETC. (IMPRINT)
Place of publication, distribution, etc Victoria, Australia :
Name of publisher, distributor, etc Spinifex Press ;
Place of publication, distribution, etc London ;
-- New York :
Name of publisher, distributor, etc Zed Books ;
Place of publication, distribution, etc New York :
Name of publisher, distributor, etc Distributed in the USA exclusivey by Palgrave,2001
Date of publication, distribution, etc 2001.
300 ## - PHYSICAL DESCRIPTION
Extent xv, 240 p. ;
Dimensions 22 cm.
500 ## - GENERAL NOTE
General note distributer: Al-Ahram
504 ## - BIBLIOGRAPHY, ETC. NOTE
Bibliography, etc Includes bibliographical references and index.
511 ## - PARTICIPANT OR PERFORMER NOTE
Participant or performer note catalogued by: wessam
650 #0 - SUBJECT ADDED ENTRY--TOPICAL TERM
Topical term or geographic name as entry element International business enterprises
General subdivision Social aspects.
650 #0 - SUBJECT ADDED ENTRY--TOPICAL TERM
Topical term or geographic name as entry element Globalization
General subdivision Social aspects.
650 #0 - SUBJECT ADDED ENTRY--TOPICAL TERM
Topical term or geographic name as entry element Globalization
General subdivision Economic aspects.
650 #0 - SUBJECT ADDED ENTRY--TOPICAL TERM
Topical term or geographic name as entry element Subsistence economy.
650 #0 - SUBJECT ADDED ENTRY--TOPICAL TERM
Topical term or geographic name as entry element Sustainable development.
650 #0 - SUBJECT ADDED ENTRY--TOPICAL TERM
Topical term or geographic name as entry element Subsistence economy
Geographic subdivision Developing countries.
650 #0 - SUBJECT ADDED ENTRY--TOPICAL TERM
Topical term or geographic name as entry element Sustainable development
Geographic subdivision Developing countries.
651 #0 - SUBJECT ADDED ENTRY--GEOGRAPHIC NAME
Geographic name Developing countries
General subdivision Economic conditions
700 1# - ADDED ENTRY--PERSONAL NAME
Personal name Bennholdt-Thomsen, Veronika.
700 1# - ADDED ENTRY--PERSONAL NAME
Personal name Faraclas, Nicholas.
700 1# - ADDED ENTRY--PERSONAL NAME
Personal name Werlhof, Claudia von,
Dates associated with a name 1943-
856 42 - ELECTRONIC LOCATION AND ACCESS
Materials specified Contributor biographical information
Uniform Resource Identifier <a href="http://www.loc.gov/catdir/bios/hol058/2001045295.html">http://www.loc.gov/catdir/bios/hol058/2001045295.html</a>
856 42 - ELECTRONIC LOCATION AND ACCESS
Materials specified Publisher description
Uniform Resource Identifier <a href="http://www.loc.gov/catdir/description/hol052/2001045295.html">http://www.loc.gov/catdir/description/hol052/2001045295.html</a>
856 42 - ELECTRONIC LOCATION AND ACCESS
Materials specified Table of contents
Uniform Resource Identifier <a href="http://www.loc.gov/catdir/toc/fy042/2001045295.html">http://www.loc.gov/catdir/toc/fy042/2001045295.html</a>
942 ## - ADDED ENTRY ELEMENTS (KOHA)
Item type Book - Borrowing
Call number prefix 338.927091724BEN
Holdings
Withdrawn status Item status Damaged status Not for loan Home library Current library Shelving location Date acquired Source of acquisition Total Checkouts Total Renewals Full call number Barcode Date last seen Date last borrowed Koha item type
        Central Library Central Library First floor 24/10/2007 Purchase 2 5 338.927091724BEN 000006689 15/07/2025 22/04/2019 Book - Borrowing